| 000 | 01628nab a22002177a 4500 | ||
|---|---|---|---|
| 999 |
_c6253 _d6253 |
||
| 003 | OSt | ||
| 005 | 20260128020637.0 | ||
| 008 | 190514b xxu||||| |||| 00| 0 spa d | ||
| 040 | _cPJ | ||
| 100 |
_96964 _aBeas, Verónica M. |
||
| 245 | 1 | 3 |
_aLa representación adecuada en torno al proceso penal juvenil, principio de no regresión y desafíos a diez años del nuevo Código Civil y Comercial / _cVerónica M. Beas, Hernán Franco Papa. |
| 300 | _ap. 4-11 | ||
| 500 | _aCita: TR LALEY AR/DOC/2506/2025. | ||
| 505 | _aSumario: I. Introducción.— II. Breve contextualización: vigencia de la ley 22.278 desde 1980 y paradigma tutelarista.— III. Reconocimiento internacional de los adolescentes como sujetos de derecho.— IV. La paradoja: normas superadoras en el campo civil y de infancia vs. subsistencia del régimen penal juvenil anacrónico.— V. El art. 103 del Cód. Civ. y Com. y su aplicación en el proceso penal juvenil.— VI. La jurisprudencia y la doctrina ante el desfase normativo.— VII. El principio de no regresión en materia penal juvenil.— VIII. Representación complementaria y garantía estructural.— IX. Necesaria articulación de roles.— X. Desconocimiento y subutilización del art. 103 en el fuero penal juvenil.— XI. Conclusiones. | ||
| 505 | _tSi te interesa el texto, comunicate a koha@justierradelfuego.gov.ar | ||
| 650 | 0 |
_9967 _aDERECHO DE FAMILIA |
|
| 650 | 0 |
_91497 _aCODIGO CIVIL Y COMERCIAL |
|
| 700 |
_95647 _aPapa, Hernán Franco |
||
| 773 | 0 |
_02844 _93222 _dBuenos Aires : AbeledoPerrot, 1989- _tDerecho de familia. N° 122 - Noviembre 2025 _z18511201 |
|
| 942 |
_2udc _cANA |
||